<?xml version="1.0" encoding="UTF-8"?>
<record
    xmlns:xsi="http://www.w3.org/2001/XMLSchema-instance"
    xsi:schemaLocation="http://www.loc.gov/MARC21/slim http://www.loc.gov/standards/marcxml/schema/MARC21slim.xsd"
    xmlns="http://www.loc.gov/MARC21/slim">

  <leader>00846cam a2200205 a 4500</leader>
  <controlfield tag="005">2012010907487.0</controlfield>
  <datafield tag="020" ind1=" " ind2=" ">
    <subfield code="a">9788189934385</subfield>
    <subfield code="c">150.00</subfield>
  </datafield>
  <datafield tag="037" ind1=" " ind2=" ">
    <subfield code="b">PUB</subfield>
  </datafield>
  <datafield tag="100" ind1=" " ind2=" ">
    <subfield code="a">Damm, Antje </subfield>
    <subfield code="9">38626</subfield>
  </datafield>
  <datafield tag="245" ind1=" " ind2=" ">
    <subfield code="a">Fledolin:</subfield>
    <subfield code="c">by Antje Damm; translated from the German by Shatabadi Ghosh &amp; Sophie Trauer</subfield>
    <subfield code="b">upside down /</subfield>
  </datafield>
  <datafield tag="260" ind1=" " ind2=" ">
    <subfield code="a">New Delhi </subfield>
    <subfield code="b">Katha</subfield>
    <subfield code="c">2009</subfield>
  </datafield>
  <datafield tag="270" ind1=" " ind2=" ">
    <subfield code="a">A3 Sarvodaya Enclave Sri  Aurobindo  Marg,</subfield>
    <subfield code="b">New Delhi</subfield>
    <subfield code="e">110017</subfield>
    <subfield code="k">26524350</subfield>
    <subfield code="l">26514373</subfield>
    <subfield code="m">kathavilasam@katha.org</subfield>
  </datafield>
  <datafield tag="300" ind1=" " ind2=" ">
    <subfield code="a">unpages </subfield>
    <subfield code="c">26cm(pbk)</subfield>
    <subfield code="b">ill. </subfield>
  </datafield>
  <datafield tag="650" ind1=" " ind2=" ">
    <subfield code="a">Short stories, Indic</subfield>
    <subfield code="x">Translations into English.</subfield>
    <subfield code="9">38627</subfield>
  </datafield>
  <datafield tag="650" ind1=" " ind2=" ">
    <subfield code="a">Indic fiction</subfield>
    <subfield code="y">20th century</subfield>
    <subfield code="x">Translations into English.</subfield>
    <subfield code="9">38628</subfield>
  </datafield>
  <datafield tag="700" ind1=" " ind2=" ">
    <subfield code="a">Ghosh, Shatabadi</subfield>
    <subfield code="9">38629</subfield>
  </datafield>
  <datafield tag="700" ind1=" " ind2=" ">
    <subfield code="a"> Trauer, Sophie</subfield>
    <subfield code="9">38630</subfield>
  </datafield>
  <datafield tag="942" ind1=" " ind2=" ">
    <subfield code="2">ddc</subfield>
    <subfield code="c">CH</subfield>
    <subfield code="m">DAM</subfield>
  </datafield>
  <datafield tag="999" ind1=" " ind2=" ">
    <subfield code="c">60502</subfield>
    <subfield code="d">60502</subfield>
  </datafield>
  <datafield tag="952" ind1=" " ind2=" ">
    <subfield code="0">0</subfield>
    <subfield code="1">0</subfield>
    <subfield code="4">0</subfield>
    <subfield code="7">-1</subfield>
    <subfield code="a">AG</subfield>
    <subfield code="b">AG</subfield>
    <subfield code="d">2012-01-09</subfield>
    <subfield code="g">150.00</subfield>
    <subfield code="l">0</subfield>
    <subfield code="o">DAM</subfield>
    <subfield code="r">2012-01-09 00:00:00</subfield>
    <subfield code="v">150.00</subfield>
    <subfield code="w">2012-01-09</subfield>
    <subfield code="y">CH</subfield>
  </datafield>
</record>
